Geometry Dash Easy Demons Part 2 - Statistics

General Stats
  • This quiz has been taken 7 times
    3 since last reset
  • The average score is 5 of 500
Answer Stats
Hint Answer Song % Correct
Akame GD The Death Moon Death Moon - SoundHolicK
100%
Grenate iS Aether - Geoplex
67%
Danzmen AmazoN Zyzyx - Pixel Jungle (Ravitex remix)
33%
Pipenachho Beastmode Beastmode - Teminite
33%
DYSCO DeaDrop NIGHTMARE - Vairo
33%
Danzmen God Yeeter A new Dawn - Teminite
33%
HyoJung Insomnia Fijiwiji - Insomnia (F-777 RMX)
33%
Whirl Insomnia Fijiwiji - Insomnia (F-777 RMX)
33%
BlueRimz neXus Samsara - Xtrullor
33%
DYSCO SaDrop Amity - Rukkus VS TIMarbury
33%
SpKale Shiver KgZ - Black Snow (Violin Lead)
33%
Booglee What is it Experimental Demo Age (OUT NOW!) - SpazeMusic
33%
DYSCO WilDrop Scarab - Vairo
33%
RoiMousti 0 Gs Given Reign - EnV
0%
TheTrueEclipse 2020 AD {Motion} DEMO[MAR07]
0%
Mulpan 2021 2010 - GRGEMUSIC
0%
rkyde 45 THROUGH 123 Phosphorus - Koraii
0%
BitZel 4D Believe - Teminite
0%
RoyalP 5upreme SLANDER - Love Is Gone (ft. Dylan Matthew)[Slleepwalker Edit]
0%
GiggsRH Abduxuel Endless - Creo
0%
spuddles abstraction Exoplanet - Creo
0%
NeyvaShift Abstraction Unjust Life DnB [AB] - danyool777
0%
DreamEater Abyssal Ruins Abyss 2 - F-777
0%
SamMaxx Acedia Doggo Busters - Evangeline & Redeilia
0%
ARtu Airoz Chaozflow Chaoz Airflow - ParagonX9
0%
Hann Akhmeti Dune - Creo
0%
akinawoo Albedo Manic - cYsmix
0%
Xatz Aldeydo Monster - Teminite & Chime & PsoGnar
0%
Kebabbo Alison Divinity - Shut Eye
0%
StevenKsttle All Inside My Dreams Galactic - Synthion & Sefaro
0%
Navoltski Alter Ego Electrodynamix - dj-Nate
0%
Eduptal Aluesda Insidious - ALESDA!
0%
Vesii Amaterasu Radium - Derpcat
0%
Woom Ambiance Lonely Diva - DJVI
0%
ZecretDash A memorial Pump Up The Volume - MegaSphere
0%
IZann A m i r u Nana - Geoxor
0%
An Gyung An Electinsanity (NG Cut) - youngold
0%
Reunomi Anesthesia Lockout - Lockyn
0%
thazm ANGEr DANGEr Sheol - Xtrullor & Panda Party
0%
NogZ Anthropomorphosis Cosminox - BlackHole12
0%
Zoroa An Unstable Desire Make Me - Teminite & Said
0%
Sneakyx ANYBODY Anybody Else - Panda Eyes
0%
Faun Apeiron Endless - Creo
0%
Underings Apex Predator Change - canonblade
0%
MaxyLAND Aphectry NG+ - Schtiffles
0%
f3lixsram Aqualast Holystone - Phantom Sage
0%
Jghost Archaic Artifacts Star Wars - The Force Theme (Far Out Remix)
0%
xNoire Arctic Keeper Polargeist
0%
BlueRimz Ascention Astoris (Original Mix) - KaixoMusic
0%
ItzMezzo ash and dust Aurora Theory [Redux] - BlackHole12
0%
Maelstrom Astromium Dimensha Universal Expression - Xtrullor & HeliXiX
0%
officialfreck AUF Crazy - Creo
0%
PAHC AuIIv Elevatia - Bossfight
0%
Cirtrax Aumetras Wrath Aumetra the Witch (Radio Edit) - cYsmix
0%
Tartofrez Away Unstoppable - Teminite
0%
TrinckyFinki Azu Telekol - OcularNebula
0%
Worz BAJIC DOCTOR VOX - Level Up [Argofox]
0%
Cubiccc B A S E II Call Me - Shut Eye
0%
skrillero01 Basic Decoration -BattleTown- by Waterflame
0%
Scneider9 Beep Boop ---Fury--- by Acid-Notation
0%
ViP3r Bellatrix Scorpion [Drum & Bass] - BurgeraX
0%
Subwoofer Better Than Reality BETTER THAN REALITY - lukhash
0%
Jirk Beyond On My Own (feat. Karra) - FarOutOfficial
0%
Jghost Bit Breaker Flat Zone Infinity - ZeroCakes
0%
Splend Blast Dance -Rivals- by Waterflame
0%
MrLorenzo Blast Off Flight - ShutEye
0%
SpKale Blip Beat-em Up - GalaxyUnknown
0%
rafer300 Bliss Cosmo Hotline
0%
DYSCO BlooDrop Row - Vairo
0%
MrSpaghetti Bloudebafe At the Speed of Light - Dimrain47
0%
DHaner BLOZ Unstoppable - Teminite
0%
SaabS Blue Flame Glittering Dew - AmbeyOfficial
0%
NateRaven Boogie to the BEAT Like a Blast! - basheman
0%
ViralDL BRAINWAVE BRAINWAVE - HeyJellyBear
0%
Zoroa BRokEN I Can't Fix You feat. Chrusher-P - TheLivingTombstone
0%
Cthulu Brush Rush Sonder - Bossfight
0%
Galaxxyss Bubble Gum Subvert - Geoplex
0%
Cirtrax Bubbly Blast Curryrice - Bubble Soap (Redeilia remix)
0%
JamAttack Buried Shrine Jetstream! - Dimrain47
0%
NukeIIX BURNOUT Crystallize - Creo
0%
Klafterno ByTe Double Cross (Dres Theme) - F-777
0%
Optation Caliber Caliber - Kolkian
0%
Winter cAniL Dupcha Deo Volente - BoomKitty
0%
Viricent Capsize Ascent - Teminite
0%
Piseto Caribdis Parasite - IAHN
0%
Zoroa Carne Aderunt The Beginning of Time - dj-Nate
0%
TheRealSpex Carrot Rush Carrot Juice - Stratales
0%
Hadronic Catastrophe End of the World - Tagiito
0%
Graded Catchy Tune Getting Melodies Of My Head - Fantomenk
0%
Ausk Cavern of Light Cavern of Light - AuSk
0%
Hann Cerulean Blue Ninox - meganeko
0%
wless chaos game A Day On The Sun - PompYin
0%
Hir0shi Choices Urbanstep & Ohmie - Choices Ft. Micah Martin (Sharks Remix)
0%
Darwin Chromatica Buzztone Symphony - Dimrain47
0%
Hiavl Chromatic Cascade Sunlit Thunderscapes - OcularNebula
0%
MaykollGD Classic Pursuit Pursuit - BoomKitty
0%
KuraiYonaka ClutterX Clutterfunk
0%
Noxop COLOR MASH Ouais Ouais (ft. SlyLeaf) - LemKuuja
0%
Gepsoni4 Colorythm Curryrice - Bubble Soap (Redeilia remix)
0%
Rullstol Concatenation Pixel Blending - SteNcils
0%
xLunaire Conceptual Prism Flirt Flirt Oh It Hurts - Bossfight
0%
Sillow Confectionary Aisle Uncle Melker's Grab Bag - Bossfight
0%
haoN Connection Connection - Volterix
0%
SleyGD Contrast Light (VIP) - Sharks
0%
Relcet (Tecler) Convenent Moonlight Sonata - cYsmix
0%
Fletzer Cool Captain Cool - Bossfight
0%
Epxa Coringa Law of the Jungle - BoomKitty
0%
Jenkins Coruscate Whirlwind - Jumper
0%
Optation Cosmic Corruption Octane - Creo
0%
rustere Costume Party -Lightspeed- by Waterflame
0%
Alex112300 Craziness Lvl. 34 Clown - Acid-Notation
0%
PocoPukich CrAzY ALIEN (Original Mix) - DirtyPaws
0%
FunkyPERSY Crazy Ween S3RL - MTC [Different Heaven Remix] (HeliXiX Remake)
0%
JumpingTheory Crunchier Apple Wobbly Tooth, Crunchy Apple - Bossfight
0%
HugoLA Cryogenic Haze Unstoppable - Teminite
0%
GrenadeofTacos Crystal Shade -Final Battle- by Waterflame
0%
Bluskys c s q n Nova Teknologi - Kyutatsuki
0%
MrClyde Cua Blood Haiku - Gaero
0%
VecToRx GD Cut Cords - Cord Cutter - by BoomKitty
0%
Waffl3x Cybercolossus Emphatic Outcry CUT - MegaSphere
0%
kientong345 cyber dragon Ignite Drumstep RmX off vocal - dj-Jo
0%
DangerKat Cybernetic Tech Discovery - meganeko
0%
JacobROso Cydonia Knights of Cydonia [EON Remix]
0%
iZappeR Cynthia -=My Future=- by viewtifulday
0%
ReYzen Daily Cobra - Gaero
0%
OSIRIS GD dalessia Oblivion (feat. Lola Blanc) - TheFatRat
0%
MaxyLAND DanDash Marbl - Schtiffles
0%
The Goola DanZcember Never Make It - Creo
0%
Eduptal DanZmale XANDER (DUBSTEP) - ELEPS
0%
MrMeurick Dark Light Machina (Ephixa Remix)
0%
CatronixGD DarkSpirit Rattlesnake - Teminite & Evilwave
0%
Rockwizard5 Dark Times Plmmet - 1f1n1ty
0%
Earthum December Rush Holiday Rush! - MrKoolTrix
0%
NukeIIX DECI Doctor Thunder - 2020 Remaster - Fionnhodgson
0%
buoGrOsSo777 deep Hexennacht - Phyrnna
0%
Texic Defective System Knowing Better - SKYWRD & Daxiir
0%
GirlyAle02 Demonic Energy Shredageddon - BoomKitty
0%
Kingoo demonpct speedrun xi - Halcyon (Miyolophone arr.)
0%
WerewolfGD Demowolf Saunter - R3VMusic
0%
DangnghiGD Depressive I like em Funky - Derpcat
0%
Pauze Descendance Aura - Creo
0%
CreatorDiana Desert Shift Aura - Creo
0%
Darixen Desire Elektronomia - Desire (Simon Vonck Remix) [Free DL]
0%
Dominus Desolate Deep Calm Craggy Area (1f1n1ty Remix)
0%
Sloudy Despair Tokyo Takedown - BoomKitty
0%
TD Epic Destroid Destroid - Annihilate (H3XAGON3EST remix)
0%
MaxyLAND Destroy Me Make Me - Teminite & Said
0%
xToxiKGD Digital Zafiro Prism - Sharks & modus
0%
Annon Discharge -BlastProcess- by Waterflame
0%
Danke DISCO BLITZ Cellar Door - Dunderpatrullen
0%
Wintter DisKOTeKA KreVetKa Eighto - Jomekka
0%
DamianosKabanos Disordered Worlds Disordered worlds - Xtrullor
0%
Epxa distortt Oracle - Koraii
0%
SleyGD Diverse Stardust - Geoxor
0%
distortt Doggo Busters Doggo Busters - Evangeline & Redeilia
0%
Optation Domain Forerunner - Koraii
0%
LXVT Doomsday Challenger - Creo
0%
Earthum Dora Dance Neple - Dorami (feat.Dorami)
0%
Xender Game Dream flower Dream Flower (????) - KLYDIX
0%
iriswolfx DubsteP Dubstep Thingie - jonswe
0%
KienTong345 dune Dune - Creo
0%
Diamondgirl01 duorise Arise - DuoCore
0%
GirlyAle02 Dynamic zone Quixotic (Original Mix) - KaixoMusic
0%
krisz D y s a n i a Acceptance [Electro House] - BurgeraX & YoshiGMD
0%
Alphirox ectoplasm Ghost House - Schtiffles
0%
Nexender Edelliant Space Invaders - Teminite & MDK
0%
Mineber Edm Vee (teaser) - EnV
0%
chona026 Electric Fortress Viper - F-777
0%
KuraiYonaka Electric Master Electroman Adventures
0%
iMinAY Eligiant Flux Point (Original Mix) [Cloudburst EP] - KaixoMusic
0%
MovieManiac Elusive Elusive - Viscerality
0%
Fir3wall Empower Empower - csx42gaming
0%
Sharkarie En Fuego Place On Fire - Creo
0%
Morce En Llamas Fruits - Panda Eyes
0%
Sharkarie Epalze Fren Milky Ways - Bossfight
0%
Awzer EricVanWilderman III What's a Future Funk - LemKuuja
0%
iIsane Error Rampant - Acid-Notation
0%
akApple Eruption Firewall - BoomKitty
0%
balli Esoteric Nautilus - Creo
0%
Nexender Estrefia Huenu - Water
0%
akinawoo Everlasting Rejuvenate - Kolkian
0%
DubstepFanatic Exertion Work -Teminite
0%
Konsi Failure Fallen Angel - dj-Nate
0%
Jeyzor FANCY me an OBJECT Wondrous Trek - MrKoolTrix
0%
ItzMezzo Fire and Blaze Eden (Beyond Paradise LP) - KaixoMusic
0%
Extrox Fire And Ice Exoplanet - Creo
0%
Cirtrax FIRE SPIRE Firepower - Dr. Phonics
0%
Rawin Firewall Firewall - BoomKitty
0%
MrMeurick First of the Year Broken Shards - MafiaPineapple
0%
Nexender Flares Red Haze - Creo
0%
crossblade flashbang Emphatic Warcry - MegaSphere
0%
SirHadoken Flicker Lasers - joolz125
0%
KFAOpitar Flipside Upwards Uppity Cat - IAHN
0%
Tahsen Flux Back Again - Panda Eyes
0%
Mojitoz Fovea Nuetronium - BlackHole12
0%
Zerenity FranSum In Circles - Creo
0%
Ardant Freefall Leight Weight - garlagan
0%
rwichy77 fresh GLRE - Bloom (Original Mix) - JoarZ
0%
TerKai FriendShip Urbanstep & Micha Martin - Parallel (Volterix Remix)
0%
kDarko Frontier Atlas Xtrullor - Supernova (FlashYizz Remix)
0%
Chlorines Frostbound Galaxica - Panda Eyes feat. Subkey
0%
Milos482 Full Coffee After Having a Coffee - Dashi
0%
Partition Fur Elise Fr Elise - mariomusicmaker1
0%
durianhead fwocl NIGHT - Andersson187
0%
Stevstyles FyH Five hours 2 - XxColozisoxX
0%
xLunaire Galactica Europa - Blackhole12
0%
Leoftine Gamers Skyless - garlagan
0%
charky Gelid Glaciers Crystal Tokyo - Fantomenk & meganeko
0%
LeX97 Getting Far Dropbears - rymdkraft
0%
swwft GLITAAHHHH Glittering Shores - OcularNebula
0%
StevenKsttle Glitched Dreams Homestuck - Candles and Clockwork | Ilrell Remix
0%
iITNCIi Glome Glome - Creo
0%
alkali go go Electroman Adventures
0%
Elvii Groovin Intrinsic - Lockyn
0%
kr1t Groovin Astronaut Dancing Moonman - OcularNebula
0%
swwft HADRON COLLIDER Space Magic - meganeko
0%
Alex112300 Hallow Hills Dovregubbens Hall (New Ver.) - cYsmix
0%
Kaii07 Hardwire Wired - Redeilia
0%
Cirtrax Haunted Manor -Monsterbreaks- by Waterflame
0%
pocke Havoc Dimension - Creo
0%
SpKale HELLFIRE Rivals - Creo
0%
Supris HellTaker Vitality [Remix]
0%
ValkyrieMaster Heritage re:???? - Miyolophone
0%
Danzmen Hey rob rate this Adventure (Original Mix) - Spitfya
0%
Howler High Rebound Pomodoro - Bossfight
0%
Wulzy High Spirits Infinite Dungeon 1 & 2 (1f1n1ty Remix)
0%
reruchoupie Hildaae Apollo - Mars [Future House] - ToneCrush
0%
DHaner Hold On Hold On - Teminite
0%
Wav Hollow Light - Sharks
0%
DangerKat Hook echo Hook Echo - Bobeo
0%
LandonGMD Hootenanny My Ordinary Life Instrumental - TheLivingTombstone
0%
Zoroa Hue Effect -=My Future=- by viewtifulday
0%
FloxMi hydrogenic Chromiums Crystallize - Creo
0%
Yendis HyperCharged Turbo Strawberry - Acid-Notation
0%
Vadi Hype Time VREMYA KHAYPA (????? ?????) - gamerthoFR26
0%
BraedenTheCroco iB Persona Masquerade - CrispyCroc
0%
MCAASJ IC On Lady Killer - Dexarson
0%
Waffl3x Incursion Deathro - Through the Eye of a Prism [csx42 Remix]
0%
Codex Inferno Inferno (Preview) - F-777
0%
Pyxidus Infestation Turbo Strawberry - Acid-Notation
0%
Ferdefunky INFINITY Rise - FarOutOfficial
0%
R3XX3R Instant Reaction Instant Reaction - Xtrullor
0%
iIsane Intensa Emozione Supernova - Xtrullor
0%
Exi0n Interperia Never Make It - Creo
0%
RealZober Intershock Stalemate - Kayoszx
0%
Kaii07 introspective san holo - lift me from the ground [ubi remix]
0%
Hychie (Daivrt) Ionize Emerald - AeronMusic
0%
GiggsRH Jazzy Jack64 Jazz Jackrabbit Remix - meganeko
0%
JustJohn JusT JohN 2020 Monster - Teminite & Chime & PsoGnar
0%
JustBasic Just Processing -BlastProcess- by Waterflame
0%
Agils Kailacrit Alacrit (Original Mix) - KaixoMusic
0%
Suixam Kanade Unjust Life DnB [AB] -Danyool77
0%
oc3andark Kanna Subvert - Geoplex
0%
sgam Katrina Harvey Ziggurat (Original Mix) - KaixoMusic
0%
KerryTheBall KerryTheLevel Obsolete Sky - OcularNebula
0%
Kebabbo Kimura Altruistic Vibrations - MegaSphere
0%
distortt kiroshi Space Magic - meganeko
0%
SleyGD KisU Kisu - LemKuuja
0%
TroxxP1 Kolossus Emphatic Outcry CUT - MegaSphere
0%
Mulpan Korea Ah_Ri_Rang (RMX) - DJ-mellon
0%
GiggsRH Kosmic Koopa Cosmic Dreamer - Djjaner
0%
Alkatraz Kumo Tree Palm - PLASTIC Palm (Future Funk)
0%
Sillow Last Prism Unstoppable - Teminite
0%
MoxiT93 Lethal Burn Infernoplex - Dimrain47
0%
Xoroz Level Arcadia - Dunderpatrullen
0%
Xyound light breaker Lightyear - Paper Skies
0%
BraedenTheCroco Light Coronation Lunatic Whispers - CrispyCroc
0%
Stinger613 Light it up Sonic Blaster - F-777
0%
iIBonIi Lightmare Lightmare - Creo
0%
dakiro lightning vortex Rum n Bass - BoomKitty
0%
Cirtrax Light Speed Lightyear - Paper Skies
0%
Destriv Lion Lions Den - Teminite & PsoGnar
0%
oneye5 LIT 2 Cheese - Geoxor
0%
DamianosKabanos Lodgepace -Radioactive- by Waterflame
0%
Annon Logarithmic -Control: Mind- by Waterflame
0%
akinawoo Luminant Hiver - Amaryllis
0%
Noxop Luminous Explosion SLIME - lchavasse
0%
Texic Lunatic Reality Lycanthropy (Original Mix) - KaixoMusic
0%
NogZ Macula Idolize - Creo
0%
Superopi Madness Chaoz Fantasy Romos Remix
0%
TheGalaxyCat Magentance Magenta - DJVI
0%
ByBoy 11 Magic fire Amp It Up - DJVI
0%
MatthewMW Magnetic Boost Work - Teminite
0%
DHaner Magtronic Rum n Bass - BoomKitty
0%
Wav Manual Life - F-777
0%
Ph4lip Marenol MARENOL - LeaF
0%
MaykollGD Maximum Sonic II Tokyo Takedown - BoomKitty
0%
Supris MegaSolo Cantina - Schtiffles
0%
Usermatt18 Mela Succulenta Wobbly Tooth, Crunchy Apple - Bossfight
0%
BlowMyPooh Meow Beep Beep - Schtiffles
0%
LXVT Meridiem Aura - Creo
0%
AmorAltra Mesin -Hidden Path- (Rapid Route mix) - Waterflame
0%
cerufiffy metamorphosis Seventh Heaven - Hexhammer & lchavasse
0%
DesTicY Metropolis Crystal Tokyo - Fantomenk & meganeko
0%
Hychie (Daivrt) Mezmerizing Daze Homestuck - Saviour of the Waking World | Ilrell Remix
0%
Whirl Midnight Lily Elevatia - Bossfight
0%
LIEB Missile Monsoon Skystrike - hinkik
0%
Zoroa Miss You I Love You La La La - Treepalm
0%
AutoNick Molrock Volcano Molrock Volcano - Burningleos
0%
EnZore MORYO Destruction [Drumstep] - Killer-FX
0%
e0ts MotiVated Problematic - Rukkus
0%
Rockwizard5 Motivation Beyond The Universe [Trance] - DJStriden
0%
IceKeyHammer Mountain Climb Winterlude - Stardew
0%
ExtoPlasm Mr CrazyHands Screamroom - Xtrullor
0%
Mulpan Mulpan Glassing - whiscaskaat
0%
BlueRimz Munacra Ping! - Exyl
0%
Cirtrax Myriad Sonic Unleashed - Windnill Isle [DnB Remix] - SlyceCaik
0%
enlex Mystification Enigma - Creo
0%
Ellisha My style is no style Boss Theme Remix (KRtD) - Acid-Notation
0%
Sillow Nature Funk -Chaotic- by Waterflame
0%
MaykollGD Nautilus Nautilus - Creo
0%
Failure444 ne0n Carrot Juice - Stratales
0%
Galaxxyss neo city Airborne - Xomu10
0%
LightningSL NEon The Ultimate Show Remix - DesoloZ
0%
DashTY Neptunarium Nero - Promises (SKYWRD remix)
0%
Nexender NeXender Game Maelstrom - Sharks
0%
ILRELL Next Yesterday Uplink [Lilysse Collective] - Koraii
0%
Maxie25 Nightmare Realm Rampant
0%
ItzMezzo Noises Noises - xozmiumx
0%
Zafkiel7 Nostale Astral Observatory DnB - dj-Jo
0%
MistFix null404 Envision - DeadRewind
0%
spuddles Obsolete Unstoppable - Teminite
0%
GlintZ Obsolete Travel II Dimensional Train OFF VOCAL - steampianist
0%
Szilu Octarine Everlasting - Lockyn
0%
V9LT ohhh my gloww Turmoil (Original Mix) - KaixoMusic
0%
PleoSlim RMD One Good Day II Turmoil (Original Mix) - KaixoMusic
0%
mrjedi onethreeonetwo Flight - ShutEye
0%
Hir0shi Only Now Seven Lions - Only Now (Paper Skies x Soar x Lite Remix)
0%
RoiMousti On The Edge FireFrost - EnV
0%
NogZ Opthalmoscope Nautilus - Creo
0%
Ajedaboss Optimum Nostalgia - cloudfield
0%
KlaurosssS Original Version Monster - Teminite & Chime & PsoGnar
0%
hutnix Our Finger Is Craze The Edge ft. Lockyn - DeadRewind
0%
DHaner Outlive Law of the Jungle - BoomKitty
0%
Cubiccc Outside Outside World - Zukira
0%
Sparkle224 Overload Burn - ALESDA!
0%
Zoroa owo uwu ewe rawr Retry - AeronMusic
0%
cerufiffy packdotpng Solar Wind - Jumper
0%
Texic Party Them There - garlagan
0%
Texic Party Time 00 - garlagan
0%
neigefeu past Clocktown - 1f1n1ty
0%
Nico99 Peer Pressure Peer Gynt - cYsmix
0%
GirlyAle02 Pericolo Work - Teminite
0%
cerufiffy phjork Cosmic Dolphin - megawolf77
0%
Digitalzero Piercing Shot Starship Showdown - Bossfight
0%
Jayuff Pilot Breaking Point - HeyJellyBear
0%
Presta Planetary Sector Sirius A - meganeko
0%
TempledoX Plastic Palm Tree Palm - PLASTIC Palm (Future Funk)
0%
AmorAltra PP Peepee Song - BoomKitty
0%
V3ntique Prismatic Aura Skybound - Lockyn
0%
iinvv Prymicense Quaoar - Camellia
0%
DangerKat Radiant IV - Step
0%
Fletzer Radioactive Zone -Radioactive- by Waterflame
0%
ExtoPlasm RAGE Hate Everything - Xtrullor
0%
Elvii Rainbow Road Fright March - cYsmix
0%
TomGMD Rapture Rejects Native Faith - Suwakos Theme - Xenogenocide
0%
DorFlayGD Raxsi Beastmode - Teminite
0%
Antor RaycU Jackpot - TheFatRat
0%
Yoshee React II Bipolar - Dexarson
0%
Desumari Reconfigurate Fijiwiji - Insomnia (F-777 RMX)
0%
Danzmen Red Belly Rattlesnake - Teminite & Evilwave
0%
Howler Redemption Curryrice - Bubble Soap (Redeilia remix)
0%
An Gyung Reminisce Manic - cYsmix
0%
ViralDL Repentless Space Invaders - Teminite & MDK
0%
ZionMikido Residual Stuck In A Dream - Derpcat
0%
HTigerzGD Resoust Galaxy (Dubstep) - ELEPS
0%
ItzMezzo Resurgance Nothing Happened - meganeko
0%
AlrexX RetroActive Glitch Gremlin - Bossfight
0%
KonKuroiGD Retro Maze The Maze - Rukkus
0%
YakobNugget Revitalize Rebirth - AeronMusic
0%
SmoopInc Rewind [Melodic Dubstep] Freedom (Original Mix) [Reborn EP]-Zelgeon
0%
SrMDK RhythMicaL DaNcE Raindance - Vairo
0%
pocke rich hillside {Sunlight} - cornandbeans
0%
Wintter Rise Rise - FarOutOfficial
0%
InterChange Rising Leaves Leaves & Flowers - whiscaskaat
0%
TuMiTu Royal Luminary ?????? (Royal Azalea) - Miyolophone
0%
Knots RUSH HOUR Doggo Busters - Evangeline & Redelia
0%
sgam SaghamY Infernoplex - Dimrain47
0%
ImSamo samochreno Abaddon (How it Began LP) - KaixoMusic
0%
iFuse Sanctus empathy - wilidacious
0%
LP44 Sandopolis Oil Ocean Zone - GaMetal
0%
Freyda Sayonara Lonely Voyage - LawnReality
0%
SleyGD Scream Mlancolie - LemKuuja
0%
Alex112300 Sea Sunlight - TheFatRat & Phaera
0%
dittoh seasalt Salvation - CosmicDeejay
0%
Janucha Second Chapter Tempest - Symmetrik & Geoplex
0%
Booglee Secret Way Reset (Dubstep) - ELEPS
0%
TheRealRow Sequence Warpspeed - Akopa
0%
BlueRimz Shaolin Showdown Shaolin Warrior - F-777
0%
Balloons Shine Shine - Creo
0%
PocoPukich Shine Teminite - Energize (Novacore Remix)
0%
SerpTop Ship Asau - 1f1n1ty
0%
SpinStudios Showdown Showdown - Creo
0%
Agils Silverize 2k9 battle jam - meganeko
0%
Maxann Sir Cheese - Geoxor
0%
GlobalisTik Skull Force Field - PsoGnar
0%
Oasis Sky High Sky High - KLYDIX
0%
rafer Sky Tower Abyss of destiny - SoundHolicK
0%
Nikce Smile Go Longer - MacMelto
0%
Grax Sminxmas SNOWY DAY - lchavasse
0%
iIBonIi SoAp OpErA Dark Tides - Creo
0%
Polli Solaura Summer Breeze - ForeverBound
0%
vit12 solemnity Secrets (Original Mix) DirtyPaws
0%
ItzMezzo Sounds Light - Sharks
0%
Ethrakk Soy Sauce Tokyo Takedown - BoomKitty
0%
Kebabbo Speedoru -Meltdown- by Waterflame
0%
Xyle Spib A New Dawn - Teminite
0%
MrSpaghetti Spotlight Electrodynamix - dj-Nate
0%
DreamNoter SQUAD Hold On - Teminite
0%
JamAttack Starlit Realm Starlit Realm - JamAttackMusic
0%
Ferdefunky STARPUNK WALKMAN - lukhash
0%
mrjedi Star Wars 2 Star Wars - Duel of Fates (Hardstyle Remix) - Rythlectionz
0%
CastriX Stereo System April - LemKuuja
0%
flash STRANGE BOXES Fracture - WaxTerk
0%
Danzmen Strangers Strangers - FarOutOfficial
0%
Jirk Strike Squad Slap Squad - Dexarson
0%
cerufiffy strom Birds - Cacola
0%
WerewolfGD Strong Work Work - Teminite
0%
TomawiN Sturovo -Control: Mind- by Waterflame
0%
FreakyLibya stylish Nice Logo - Exyl & Dalux
0%
Subwoofer Submerged Unveil - Creo
0%
Amadei SubNautic Myriad (Original Mix) - KaixoMusic
0%
Klafterno Subside Nock Em - Bossfight
0%
ItzMezzo Subtle Choice Lockout - Lockyn
0%
Darixen Subvert Subvert - Geoplex
0%
Shulkern Sun Journey Beyond The Universe [Trance] - DJStriden
0%
Zidnes Super Mild Ouais Ouais (ft. SlyLeaf) - LemKuuja
0%
pocke Swag 00 - garlagan
0%
Zoroa Sweet Melody Squid Melody [Blue Version] - TheLivingTombstone
0%
akApple Sword Dance Carnage - DuoCore
0%
swwft SWWFTCAPSLOCK Spice Hunters - Hydrangea & Redeilia
0%
CorroX Synthesizer II Virtual Riot - Earth & Sky (Paper Skies Remix)
0%
OSIRIS GD sytrus Sytrus Power - Djjaner
0%
MazZedy TAO Place On Fire - Creo
0%
GirlyAle02 Technolaser Shredageddon - BoomKitty
0%
Yendis Tempo Blacklight - Rukkus
0%
Gouns Terminal Drachen Desperado - OfficialNovacore
0%
kr1j Terminal of Impact Chaoz Impact - ParagonX9
0%
WerewolfGD Teslawolf When Atoms Collide - archefluxx
0%
SrMDK ThE BesT GamE EveR eedion & FluxFlame - All I Need (90 Miles Remix)
0%
Patchimator The Contrivance -Time Machine- by Waterflame
0%
Vilms The Controller Star Wars - The Force Theme (Far Out Remix)
0%
Itserson The DonatoX My Little Pony - Punyaso
0%
TTFTK The Dream Odyssey Plmmet - 1f1n1ty
0%
Grenate The Greatest Rising Sun - canonblade
0%
im fernando The Legend Of nando Song of Storms Remix - stunkel
0%
Vilms The Monitor Tokyo Takedown - BoomKitty
0%
amixam The name Deathro - Through the Eye of a Prism [csx42 Remix]
0%
Mangosteen Theory of Mangos Theory of Everything
0%
DangerKat Thumper -Thumper- by Waterflame
0%
Danzmen TiBuTi Milkshake - [Bossfight Remix]
0%
OSIRIS GD Time flies Sustain - AeronMusic
0%
AbstractDark Time Warp Asylum - Djjaner
0%
LaxHDz Tokyo Takedown Tokyo Takedown - BoomKitty
0%
Subwoofer Tomb Raver NIGHTMARE - Vairo
0%
Subwoofer Torrential Totems Raindance - Vairo
0%
soda2d to the moon Exit This Earths Atmosphere - Camellia
0%
Jbeast15 toxic sewage -Toxic sewers- by Waterflame
0%
Xyle Traction Popsicle! - VICT & Kabuki
0%
Archibot Tsushima Grizzly(WIP) - EnV
0%
iMortlex TuxElectro 30.000 - ColBreakz
0%
Horken Twin Suns ! ! Ghost of Jupiter - Noisysundae
0%
SleyGD Twist it Work - Teminite
0%
Supris UltraForce -Starfall- by Waterflame
0%
Alfred PKNess Under Construction -Grind District- by Waterflame
0%
Bluskys Undr Attac Fort Flask - Bossfight
0%
Bluzze Universe On My Own (feat. Karra) - FarOutOfficial
0%
gatitos0w0 Unstoppable Unstoppable - Teminite
0%
Howler Upbeat Dimensions Mr. Megaman - cYsmix
0%
TheRealShun Up Up Up Beat-em Up - GalaxyUnknown
0%
orots v4p0r Pyr - Acid-Notation
0%
KoDTIFF Valorous Insurgent [MSB] (NGADM) - GrantBowtie
0%
doritos1 velocity SpeedBreaker - Djjaner
0%
Smarted Velocity Tater Load - Lockyn
0%
Hychie (Daivrt) Vibrant Imagination ??? [Little Musician] - csx42gaming
0%
NotTeddy Vinity Divinity - Shut Eye
0%
KlaurosssS Vinterleken Vinterleken - Vairo
0%
Zoroa Violent Silence Urbanstep & Ohmie - Choices Ft. Micah Martin (Sharks Remix)
0%
doominator222 Viridian Green Ninox - meganeko
0%
SkCray Ace Voices In My Head II Bipolar - Dexarson
0%
CastriX Voop Moment of Truth - Namice
0%
Yendis Wack NOVEMBER - LemKuuja
0%
Lixars Warp Viper - F-777
0%
cerufiffy watch and learn The Lonely Space Cadet - DjHoneyb
0%
Desumari Welder Rift Race (Original Mix) - KaixoMusic
0%
2003devin well being spot -Stalker- by Waterflame
0%
ItzMezzo Whispers Light (VIP) - Sharks
0%
DangerKat Whispers Abyss RENAISSANCE - Omnivore
0%
SaabS Winter Memory Winterbliss - Cycerin
0%
BlowMyPooh Woof Ignition - Phaera
0%
Danzmen WorsT LvL EveR MadE eedion & FluxFlame - All I Need (90 Miles Remix)
0%
8BitFudge Wynndy Tapioca - OcularNebula
0%
curxe Your Promise Promise - Synthion
0%
shrympo Z30 R - 1f1n1ty
0%
GiaMmiX Zagato Glitch Gremlin - Bossfight
0%
Samuraychik zer0 Rocket Punch - TSRBand
0%
Terron Zetrallio Sourcream 2 - AeronMusic
0%
Flocab zigurt Ziggurat (Original Mix) - KaixoMusic
0%
Americat5 Zip Chipper Stroll - MrKoolTrix
0%
Zinht Zygnity Zenith - whiscaskaat
0%
No matching quizzes found
Score Distribution
Percent of People with Each Score
Percentile by Number Answered
Your Score History
You have not taken this quiz since the last reset